000 00691nam a2200253 a 4500
003 AR-BaBNM
005 20251128203658.0
008 082120s2002 ||||||||||||||000 | spa||
040 _cAR-BaBNM
100 1 _aKohlberg, Lawrence
245 0 0 _aLa democracia en la escuela secundaria, educando para una sociedad más justa
250 _a1ª ed.
260 _aChaco
_bIncene
_c1992
300 _a64 p.
650 4 _aDEMOCRACIA
650 4 _aEDUCACION MORAL
650 4 _aEDUCACION COMUNITARIA
650 4 _aDESARROLLO COGNOSCITIVO
650 4 _aCOMPORTAMIENTO
653 _aEDUCACION SECUNDARIA
700 1 _aOraison, María Mercedes
_etraductor
942 _cBK
998 _cCarmen
999 _c4455
_d4455